000 00395pam a2200157a 44500
008 230515b1984 xxu||||| |||| 00| 0 eng d
020 _aNULL
041 _aENGL
082 _a306.8 DES
100 _a"DESHAMUK,"
245 _aHINDU VIVAHA KAYADA(MARATHI)
250 _a0
260 _aINDIA
_bLAW RELATING TO WOMEN IN INDIA
_c1984
300 _aNULL
650 _a"SOCIOLOGY,CULTURE,MARRIAGE"
999 _c536809
_d536809